00385nam a2200133Ia 450000500170000000800410001702000160005808200130007410000120008724500550009926000420015430000130019650000420020920250703024837.0240331s9999 xx 000 0 und d a95580333332 bFRAa823 aFrank,A 2aA Diary of a young girl :bYawwaniyakage dinapotha aDehiwalabVidarshana Publishersc2000 a381 p ., atranslation of A Diary of young girl